00495 a2200169 450000500170000001000150001702000300003203500140006203700160007608200100009210000200010224500320012225000090015426000410016327000990020430000220030320211215152107.0 aENG-130333 c260.00a978-93-88424-56-1 aEN-113865 bDBAD / PUB a158.1 aPathaka, Preeti aEnrich Life:cPreeti Pathak a2019 bVishwakarma Publicationsc2019aPune bPunea34A/1, Suyog Center, 7th Floor, Gultekadi Marketyard Road, Giridhar Bhavan Chowke411037 a196p.c22cm (pbk)